000 00390nam a2200145Ia 4500
005 20250606030742.0
008 240331s9999 xx 000 0 und d
082 _bMAR
_a305
100 _aMarshel,G
245 0 _aSannadha gatumlamun kerehi balapanp andama
260 _bunicef publication
_c1996
300 _a65 p .,
500 _aA book of How armed conflict affects children
942 _cL
999 _c1535
_d1535